CIBSE Review of energy benchmarks for display energy certificates (Record no. 112394)

MARC details
000 -LEADER
fixed length control field 01344cad a22001935a 4500
001 - CONTROL NUMBER
control field L153142
008 - FIXED-LENGTH DATA ELEMENTS--GENERAL INFORMATION
fixed length control field 110614s2011 xxk f 000 0 eng d
035 ## - SYSTEM CONTROL NUMBER
System control number (Sirsi) u153142
041 0# - LANGUAGE CODE
Language code of text/sound track or separate title eng
110 2# - MAIN ENTRY--CORPORATE NAME
Corporate name or jurisdiction name as entry element Chartered Institution of Building Services Engineers
9 (RLIN) 2360
245 00 - TITLE STATEMENT
Title CIBSE Review of energy benchmarks for display energy certificates
Remainder of title analysis of DEC results to date
Medium [electronic resource]
260 ## - PUBLICATION, DISTRIBUTION, ETC.
Place of publication, distribution, etc. [S.l.]
Name of publisher, distributor, etc. CIBSE
Date of publication, distribution, etc. 2011
520 ## - SUMMARY, ETC.
Summary, etc. Study of the first 45 000 Display Energy Certificates (DEC's) lodged on the Landmark register between October 2008 and mid February 2010 shows that the benchmark figures used are fit for purpose with 94% of buildings in the study showing a good correlation between the benchmarks and the actual operational ratings. The benchmarking figures worked well for those building categories most commonly found on the database such as schools which accounted for 52% of buildings with DEC's. Benchmarks for entertainment halls and theatres dry sports and leisure facilities however appear to be too generous.
590 ## - LOCAL NOTE (RLIN)
Local note KA NTK
651 #4 - SUBJECT ADDED ENTRY--GEOGRAPHIC NAME
Geographic name United Kingdom
690 ## - LOCAL SUBJECT ADDED ENTRY--TOPICAL TERM (OCLC, RLIN)
Topical term or geographic name as entry element ENVIRONMENTAL AND LAND CONSULTANCY-ENERGY-ENERGY USE-ENERGY EFFICIENCY
856 40 - ELECTRONIC LOCATION AND ACCESS
Uniform Resource Identifier <a href="https://www.cibse.org/content/Knowledge_Bank/tech_bulletin/CIBSETM46ReviewFinal2web.pdf">https://www.cibse.org/content/Knowledge_Bank/tech_bulletin/CIBSETM46ReviewFinal2web.pdf</a>
Public note View the study at www.cibse.org
942 ## - ADDED ENTRY ELEMENTS (KOHA)
Suppress in OPAC 0
Holdings
Withdrawn status Lost status Source of classification or shelving scheme Damaged status Not for loan Home library Current library Shelving location Date acquired Total Checkouts Full call number Barcode Date last seen Copy number Price effective from Koha item type
    Dewey Decimal Classification     Virtual Virtual Online 14/06/2011   ONLINE PUBLICATION 153142-2001 06/08/2019 1 06/08/2019 Book